| 000 | 00482nam a22001457a 4500 | ||
|---|---|---|---|
| 020 | _a0-590-46849-9 | ||
| 082 |
_a823 _bMOR/W |
||
| 100 | _aMORPURGO, MICHAEL | ||
| 245 | _aWAITING FOR ANYA | ||
| 260 |
_aLONDON _bSCHOLASTIC INC _c1990 |
||
| 300 | _a172 | ||
| 520 | _aDuring the horrors of WWII, Jo, a young shepherd, along with the help of the widow, Horcada, helps to smuggle Jewish children across the border from Southern France into Spain. | ||
| 650 | _aSHORT STORY | ||
| 942 | _cBK | ||
| 999 |
_c6148 _d6148 |
||